Bài giảng nhi khoa; T1

Saved in:
Bibliographic Details
Main Author: Tạ Thị ánh Hoa...[et al.]
Format: Book
Language:Undetermined
Published: Đà Nẵng Nxb. Đà Nẵng 1997
Subjects:
Tags: Add Tag
No Tags, Be the first to tag this record!
Institutions: Trung tâm Học liệu Trường Đại học Cần Thơ
LEADER 00544nam a2200193Ia 4500
001 CTU_28853
008 210402s9999 xx 000 0 und d
020 |b 34.000đ 
082 |a 618.92 
082 |b B103/T1/1997 
100 |a Tạ Thị ánh Hoa...[et al.] 
245 0 |a Bài giảng nhi khoa; T1 
245 0 |c Tạ Thị ánh Hoa...[et al.] 
260 |a Đà Nẵng 
260 |b Nxb. Đà Nẵng 
260 |c 1997 
650 |a pediatrics 
904 |i Minh, 990306 
980 |a Trung tâm Học liệu Trường Đại học Cần Thơ